000 00621nam a2200229Ia 4500
003 OSt
005 20220923230545.0
006 a|||||r|||| 00| 0
007 ta
008 Pun
024 _a283,147
037 _cTextual
040 _aARTS
_cARTS
_bPun
041 _2Pun
_aPun
082 _aO153,3NKS:g, M8
100 _aਜਸਬੀਰ
245 0 _aਨਾਵਲਕਾਰ ਕੇਸਰ ਸਿੰਘ ਦਾ ਜੁਝਾਰ ਮਾਨਵਵਾਦ
260 _c1988
650 _aਪੰਜਾਬੀ ਸਾਹਿਤ
942 _hO153,3NKS:g, M8
_cTEXL
_2CC
999 _c385685
_d385685